| 000 | 00629cam a2200193 a 4500 | ||
|---|---|---|---|
| 999 |
_c58225 _d58225 |
||
| 001 | 15296315 | ||
| 005 | 20210922115846.0 | ||
| 008 | 080519s2008 nhua b 000 0 eng | ||
| 020 | _a9780325022505 | ||
| 041 | _aeng | ||
| 080 | _a371.58 G-45 | ||
| 100 | 1 |
_aGilmore, Barry. _912515 |
|
| 245 | 1 | 0 |
_aPlagiarism : _bwhy it happens, how to prevent it / _cBarry Gilmore. |
| 264 |
_aPortsmouth, NH : _bHeinemann, _c2008. |
||
| 300 |
_a139 p. : _bill. ; _c24 cm. |
||
| 653 | _aპლაგიატი | ||
| 942 |
_2udc _cBK |
||
| 955 |
_alg23 2008-05-19 _clg23 2008-05-19 _aaa17 2008-05-22 _aps10 2008-10-02 1 copy rec'd., to CIP ver. ; |
||